[Event "Kemerovo op"]
[Site "Kemerovo"]
[Date "2011.07.27"]
[Round "5"]
[White "Borodaenko, Dmitry"]
[Black "Baboyan, Eduard"]
[Result "0-1"]
[WhiteElo "1996"]
[BlackElo "2149"]
[PlyCount "102"]
[EventDate "2011.07.25"]
[EventType "swiss"]
[EventRounds "9"]
[EventCountry "RUS"]
[SourceTitle "EXT 2012"]
[Source "ChessBase"]
[SourceDate "2011.11.24"]
[SourceVersion "1"]
[SourceVersionDate "2011.11.24"]
[SourceQuality "1"]

1. e4 c5 2. Nf3 Nc6 3. d4 cxd4 4. Nxd4 g6 5. Be3 Bg7 6. Nc3 Nf6 7. f3 0-0 8. Be2 Qb6 9. Nxc6 Qxc6 10. Qd2 d6 11. 0-0 Be6 12. Bb5 Qc8 13. Rab1 Bc4 14. Bxc4 Qxc4 15. Nd5 Nxd5 16. Qxd5 Qc6 17. c4 Rfc8 18. Rfc1 b6 19. b3 Qc7 20. Rd1 Rd8 21. Rd2 Rac8 22. Rbd1 Rd7 23. Qg5 Bc3 24. Rd3 Bf6 25. Qg3 Qb7 26. Bf4 Rcd8 27. Qf2 Be5 28. Bxe5 dxe5 29. Rxd7 Rxd7 30. Rxd7 Qxd7 31. Qb2 f6 32. Qc2 a5 33. h3 h5 34. Kf2 Qd4+ 35. Ke2 Qg1 36. Kd3 Kg7 37. a3 Qa1 38. a4 Qg1 39. c5 Qd4+ 40. Ke2 bxc5 41. Qc4 Qxc4+ 42. bxc4 h4 43. Kf2 Kh6 44. g3 hxg3+ 45. Kxg3 Kh5 46. Kg2 Kh4 47. Kh2 e6 48. Kg2 f5 49. Kh2 fxe4 50. fxe4 g5 51. Kg2 g4 0-1

[Event "Sibiria Region-chT"]
[Site "Kemerovo"]
[Date "2010.11.21"]
[Round "3"]
[White "Baboyan, Eduard"]
[Black "Siuniakov, Igor"]
[Result "1/2-1/2"]
[WhiteElo "2141"]
[BlackElo "2322"]
[PlyCount "144"]
[EventDate "2010.11.19"]
[EventType "team-tourn"]
[EventRounds "5"]
[EventCountry "RUS"]
[SourceTitle "EXT 2012"]
[Source "ChessBase"]
[SourceDate "2011.11.24"]
[SourceVersion "1"]
[SourceVersionDate "2011.11.24"]
[SourceQuality "1"]

1. d4 Nf6 2. c4 g6 3. Nc3 Bg7 4. e4 0-0 5. f3 d6 6. Be3 c5 7. Nge2 Nc6 8. Qd2 Qa5 9. Rd1 Re8 10. b3 Nb4 11. g3 a6 12. Kf2 cxd4 13. Nxd4 Bd7 14. a4 Nc6 15. Be2 Rab8 16. Nd5 Qd8 17. Nc3 Ne5 18. Rc1 Qa5 19. Rhd1 Rec8 20. Rc2 Rd8 21. Rb1 e6 22. b4 Qc7 23. Nd5 exd5 24. cxd5 Neg4+ 25. Kg1 Qb6 26. a5 Qa7 27. fxg4 Qa8 28. Qd3 Bxg4 29. Bg5 Bxe2 30. Rxe2 Re8 31. Rf1 Nd7 32. Nf3 Rbc8 33. Bf4 Qb8 34. Rc1 Rxc1+ 35. Bxc1 Ne5 36. Nxe5 Bxe5 37. Rc2 Rc8 38. Be3 Rxc2 39. Qxc2 h5 40. Kg2 Qe8 41. Bf4 Kg7 42. Kf3 Qe7 43. Qd2 Qf6 44. Kg2 Bc3 45. Qf2 Qe7 46. Qe3 Be5 47. Kf3 Kh7 48. Ke2 Qe8 49. Kf3 Qe7 50. Ke2 Qe8 51. Kf3 Qe7 52. Ke2 Bg7 53. Kd3 Be5 54. Qb6 Bxf4 55. gxf4 Qd7 56. Kd4 f6 57. Kc4 Qe7 58. Qd4 Qc7+ 59. Kb3 Qe7 60. Kc3 Qc7+ 61. Qc4 Qd7 62. Kd4 Kh6 63. Qc1 Qa4 64. Kc3 Kg7 65. h4 Qb5 66. Qe3 Qa4 67. Qc1 Kf7 68. f5 gxf5 69. exf5 Qa2 70. Qd1 Qa3+ 71. Kc4 Qa2+ 72. Kc3 Qa3+ 1/2-1/2

[Event "Kuzbass-ch"]
[Site "Kemerovo"]
[Date "2010.10.30"]
[Round "9"]
[White "Baboyan, Eduard"]
[Black "Pjatelin, Dmitrij"]
[Result "1-0"]
[WhiteElo "2141"]
[BlackElo "2089"]
[PlyCount "63"]
[EventDate "2010.10.23"]
[EventType "swiss"]
[EventRounds "9"]
[EventCountry "RUS"]
[SourceTitle "EXT 2011"]
[Source "ChessBase"]
[SourceDate "2010.11.26"]
[SourceVersion "1"]
[SourceVersionDate "2010.11.26"]
[SourceQuality "1"]

1. d4 Nf6 2. c4 e6 3. Nf3 Bb4+ 4. Bd2 Qe7 5. g3 Nc6 6. Bg2 Bxd2+ 7. Nbxd2 0-0 8. 0-0 d6 9. e4 e5 10. d5 Nb8 11. Ne1 a5 12. Nd3 Na6 13. Nb3 b6 14. Qd2 a4 15. Nbc1 Bd7 16. Ne2 Nc5 17. Nc3 c6 18. Nb4 Rfc8 19. Rad1 Nb7 20. dxc6 Bxc6 21. f4 h6 22. Rfe1 Qe8 23. Qe3 a3 24. b3 Rab8 25. Na6 Ra8 26. Nb4 Rab8 27. Ncd5 Bxd5 28. exd5 b5 29. Nc6 Ra8 30. fxe5 Ng4 31. Qb6 Qd7 32. exd6 1-0

[Event "Kemerovo op"]
[Site "Kemerovo"]
[Date "2010.07.31"]
[Round "9"]
[White "Grishenko, Vladimir"]
[Black "Baboyan, Eduard"]
[Result "1/2-1/2"]
[WhiteElo "2223"]
[BlackElo "2147"]
[PlyCount "54"]
[EventDate "2010.07.26"]
[EventType "swiss"]
[EventRounds "9"]
[EventCountry "RUS"]
[SourceTitle "EXT 2011"]
[Source "ChessBase"]
[SourceDate "2010.11.26"]
[SourceVersion "1"]
[SourceVersionDate "2010.11.26"]
[SourceQuality "1"]

1. c4 c6 2. Nf3 d5 3. d4 Nf6 4. g3 Bf5 5. Nbd2 e6 6. Bg2 Nbd7 7. b3 Be7 8. 0-0 h6 9. Bb2 0-0 10. Ne5 Rc8 11. Rc1 Re8 12. Nxd7 Qxd7 13. c5 Qc7 14. b4 Rcd8 15. Qb3 Nd7 16. f4 Nf6 17. h3 h5 18. a4 Ne4 19. Nxe4 Bxe4 20. Qe3 f5 21. Bf3 g6 22. h4 Kf7 23. Kf2 Bf6 24. Qb3 a6 25. e3 Ra8 26. Be2 Qe7 27. Bf3 Qc7 1/2-1/2

[Event "Berdsk Maestro op 16th"]
[Site "Berdsk"]
[Date "2010.07.15"]
[Round "8"]
[White "Baboyan, Eduard"]
[Black "Nepomniaschy, Igor"]
[Result "1/2-1/2"]
[WhiteElo "2159"]
[BlackElo "1827"]
[PlyCount "79"]
[EventDate "2010.07.08"]
[EventType "swiss"]
[EventRounds "9"]
[EventCountry "RUS"]
[SourceTitle "EXT 2011"]
[Source "ChessBase"]
[SourceDate "2010.11.26"]
[SourceVersion "1"]
[SourceVersionDate "2010.11.26"]
[SourceQuality "1"]

1. d4 d5 2. c4 e6 3. Nf3 c5 4. dxc5 Bxc5 5. e3 Nf6 6. Nc3 0-0 7. Be2 Nc6 8. 0-0 a6 9. cxd5 exd5 10. b3 Bd6 11. Bb2 Re8 12. h3 Bc7 13. Bd3 Qd6 14. Ne2 Ne4 15. Bxe4 dxe4 16. Qxd6 Bxd6 17. Nfd4 Nxd4 18. Bxd4 Bf5 19. Rfd1 Bf8 20. Rac1 Rac8 21. Bb2 Rxc1 22. Rxc1 Rc8 23. Rxc8 Bxc8 24. Kf1 Bd7 25. Ke1 Bb5 26. Bc3 Bc5 27. Bd4 Bb4+ 28. Kd1 f6 29. a4 Bc6 30. Bc3 Bc5 31. Kc2 Kf7 32. Bd4 Bb4 33. Bc3 Bc5 34. Kb2 g6 35. Nd4 Bxd4 36. Bxd4 Ke6 37. Kc3 f5 38. Kc4 Bd5+ 39. Kb4 Kd6 40. g3 1/2-1/2

[Event "Berdsk Maestro op 16th"]
[Site "Berdsk"]
[Date "2010.07.08"]
[Round "1"]
[White "Romanova, Anastasia"]
[Black "Baboyan, Eduard"]
[Result "0-1"]
[WhiteElo "1907"]
[BlackElo "2159"]
[PlyCount "106"]
[EventDate "2010.07.08"]
[EventType "swiss"]
[EventRounds "9"]
[EventCountry "RUS"]
[SourceTitle "EXT 2011"]
[Source "ChessBase"]
[SourceDate "2010.11.26"]
[SourceVersion "1"]
[SourceVersionDate "2010.11.26"]
[SourceQuality "1"]

1. Nf3 d5 2. d4 c5 3. c4 dxc4 4. e3 Nf6 5. Bxc4 e6 6. Nc3 Nc6 7. 0-0 cxd4 8. exd4 Be7 9. Bf4 0-0 10. Qd2 Nb4 11. Rfd1 Nbd5 12. Bg3 b6 13. Qe2 Bb7 14. Rac1 Bd6 15. Ba6 Bxa6 16. Qxa6 Bxg3 17. hxg3 Qc8 18. Qe2 Qb7 19. Ne5 Rac8 20. Qe1 h6 21. Nb5 Rxc1 22. Rxc1 Qa6 23. Na3 Qa4 24. Rc4 Qa6 25. Nc6 b5 26. Rc5 Nd7 27. Rc2 b4 28. Nxb4 Qa5 29. Nd3 Qb6 30. Rc4 Qb8 31. Qd2 N7f6 32. Nc5 Qb6 33. Rc1 Rd8 34. Nc4 Qb4 35. Qe2 Ne7 36. Nb3 Nf5 37. Rd1 Qb5 38. Qd3 Nd5 39. Ne5 Qb6 40. Nf3 Nb4 41. Qb1 Nd5 42. Qd3 Rb8 43. Ne5 Nb4 44. Qb1 Qb5 45. Nc5 Nd5 46. Ncd7 Nc3 47. Qa1 Ne2+ 48. Kh2 Rd8 49. Nc5 Nexd4 50. Ncd3 Ne7 51. Qc1 Nec6 52. Nxc6 Qh5+ 53. Kg1 Ne2+ 0-1

[Event "Kemerovo-ch"]
[Site "Kemerovo"]
[Date "2010.03.20"]
[Round "8"]
[White "Malina, Diana"]
[Black "Baboyan, Eduard"]
[Result "1/2-1/2"]
[WhiteElo "2265"]
[BlackElo "2147"]
[PlyCount "173"]
[EventDate "2010.03.15"]
[EventType "swiss"]
[EventRounds "9"]
[EventCountry "RUS"]
[SourceTitle "CBM 135 Extra"]
[Source "ChessBase"]
[SourceDate "2010.05.04"]
[SourceVersion "1"]
[SourceVersionDate "2010.05.04"]
[SourceQuality "1"]

1. c4 c6 2. e4 d5 3. exd5 cxd5 4. d4 Nf6 5. Nc3 Nc6 6. Nf3 g6 7. cxd5 Nxd5 8. Qb3 e6 9. Bb5 Bg7 10. 0-0 0-0 11. Nxd5 exd5 12. Bxc6 bxc6 13. Bf4 Ba6 14. Rfe1 Re8 15. Qc2 Qb6 16. Be5 Bf8 17. Rac1 Rac8 18. Qd2 Qb4 19. Qf4 Bg7 20. a3 Qxb2 21. Bxg7 Kxg7 22. Ng5 Qb7 23. h4 Qc7 24. Qg4 h6 25. Nf3 Be2 26. Qh3 Bxf3 27. Qxf3 Qd6 28. Rxe8 Rxe8 29. Qc3 Re6 30. g3 Qe7 31. Qa5 g5 32. hxg5 hxg5 33. Qc3 Qf6 34. Kg2 g4 35. Qd3 Re4 36. Rd1 Qg6 37. Rh1 Re6 38. Qxg6+ Rxg6 39. Rb1 Re6 40. Rb7 Re4 41. Rxa7 Rxd4 42. Rc7 Rc4 43. a4 Rxa4 44. Rxc6 f6 45. Rd6 Rd4 46. Kf1 Kg6 47. Ke2 Kf5 48. f3 Ke5 49. Rd8 Ra4 50. fxg4 Rxg4 51. Re8+ Kd4 52. Rf8 Re4+ 53. Kd2 Re6 54. Ra8 Rb6 55. Ra4+ Ke5 56. Rh4 Rb2+ 57. Ke3 Rb3+ 58. Kf2 d4 59. Rh8 Rb6 60. Ke2 Rb2+ 61. Kf3 Rb3+ 62. Kf2 Ke4 63. Re8+ Kf5 64. Rd8 Rd3 65. Ke2 Re3+ 66. Kf2 Ke4 67. Rf8 Rf3+ 68. Ke2 d3+ 69. Kd2 Rf2+ 70. Ke1 d2+ 71. Kd1 Ke3 72. Re8+ Kf3 73. Rg8 f5 74. Rg7 Ke3 75. Re7+ Kd3 76. Rd7+ Kc3 77. Rc7+ Kd3 78. Rd7+ Ke3 79. Re7+ Kf3 80. Rg7 Rg2 81. Rf7 Kg4 82. Rg7+ Kh5 83. Rg8 Kh6 84. Rd8 Kg5 85. Rg8+ Kh6 86. Rh8+ Kg5 87. Rg8+ 1/2-1/2

[Event "Kemerovo-ch"]
[Site "Kemerovo"]
[Date "2010.03.18"]
[Round "5"]
[White "Baboyan, Eduard"]
[Black "Artamonov, Pavel"]
[Result "0-1"]
[WhiteElo "2147"]
[BlackElo "2237"]
[PlyCount "154"]
[EventDate "2010.03.15"]
[EventType "swiss"]
[EventRounds "9"]
[EventCountry "RUS"]
[SourceTitle "CBM 135 Extra"]
[Source "ChessBase"]
[SourceDate "2010.05.04"]
[SourceVersion "1"]
[SourceVersionDate "2010.05.04"]
[SourceQuality "1"]

1. d4 c5 2. e3 cxd4 3. exd4 d5 4. Nf3 Nf6 5. c3 Nc6 6. Bd3 Bg4 7. Nbd2 e6 8. Qa4 Nd7 9. 0-0 Bd6 10. Re1 Bh5 11. Qb5 Nb6 12. Ne5 Qc7 13. f4 0-0 14. Nf1 Bg6 15. Be2 Nd7 16. Bf3 a6 17. Qe2 b5 18. Be3 Nb6 19. Rac1 Rac8 20. Nd2 Nc4 21. b4 Nxd2 22. Bxd2 Nxe5 23. fxe5 Be7 24. Qd1 Qb6 25. Qb3 Rb8 26. a4 a5 27. bxa5 Qxa5 28. axb5 Rxb5 29. Qd1 Qb6 30. Be2 Rb2 31. Be3 Qa5 32. Bd3 Qa2 33. Bf1 Qa3 34. Bd3 Rc8 35. Bxg6 hxg6 36. Bd2 Ra8 37. Rc2 Qb3 38. Rxb2 Qxb2 39. Qc1 Ra2 40. Qxb2 Rxb2 41. Rd1 f6 42. Bf4 Kf7 43. Rc1 g5 44. Bg3 f5 45. c4 dxc4 46. Be1 Bb4 47. Bc3 Bxc3 48. Rxc3 Rb4 49. Ra3 f4 50. g3 fxg3 51. hxg3 g4 52. Kf2 Rb2+ 53. Ke1 Kg6 54. Ra7 Rb3 55. Rc7 Rxg3 56. Rxc4 Kf5 57. Kf2 Rf3+ 58. Kg2 Rd3 59. Ra4 g5 60. Rb4 g3 61. Ra4 Ke4 62. d5+ Kxd5 63. Rg4 Kxe5 64. Rxg5+ Kf4 65. Rg8 Rd2+ 66. Kg1 e5 67. Rf8+ Ke3 68. Rg8 g2 69. Rg3+ Kf4 70. Rg8 e4 71. Rf8+ Ke3 72. Ra8 Rc2 73. Rd8 Kf3 74. Rf8+ Ke2 75. Kxg2 e3 76. Rd8 Rc5 77. Kg3 Ke1 0-1

[Event "Kemerovo-ch"]
[Site "Kemerovo"]
[Date "2010.03.18"]
[Round "6"]
[White "Sazhinov, Alexander"]
[Black "Baboyan, Eduard"]
[Result "1-0"]
[WhiteElo "2308"]
[BlackElo "2147"]
[PlyCount "157"]
[EventDate "2010.03.15"]
[EventType "swiss"]
[EventRounds "9"]
[EventCountry "RUS"]
[SourceTitle "CBM 135 Extra"]
[Source "ChessBase"]
[SourceDate "2010.05.04"]
[SourceVersion "1"]
[SourceVersionDate "2010.05.04"]
[SourceQuality "1"]

1. d4 d5 2. c4 c6 3. Nf3 Nf6 4. Nc3 e6 5. Bg5 Nbd7 6. e3 Qa5 7. Bxf6 Nxf6 8. Qb3 Bd6 9. c5 Bb8 10. Qa4 Qxa4 11. Nxa4 e5 12. Nxe5 Bxe5 13. dxe5 Ng4 14. f4 Nxe3 15. Kd2 Ng4 16. Bd3 Nf2 17. Rhe1 Nxd3 18. Kxd3 Bf5+ 19. Kd4 Kd7 20. Re3 h5 21. h4 Rhe8 22. b4 Kc7 23. Nc3 Re6 24. a4 Rae8 25. g3 Rb8 26. Rd1 Ree8 27. Rd2 Be6 28. Rf2 Bf5 29. b5 a6 30. b6+ Kd7 31. Ne2 f6 32. Kc3 Be4 33. Nd4 fxe5 34. fxe5 Rf8 35. Rf4 Rxf4 36. gxf4 Rf8 37. Rg3 g6 38. Ne2 Bf5 39. Rg5 Be4 40. Kd2 Ke7 41. Ke3 Bc2 42. Nd4 Be4 43. Rg1 Rf7 44. a5 Rf8 45. Rg5 Rf7 46. Ne2 Rf8 47. Nd4 Rf7 48. Rg3 Rf8 49. Rg1 Rf7 50. Nf3 Rf8 51. Ng5 Bf5 52. Nh7 Rd8 53. Rd1 Bg4 54. Rd2 Bf5 55. Kd4 Be4 56. Rd1 Bf5 57. Rg1 Rh8 58. Ng5 Rf8 59. Ke3 Rd8 60. Nf3 Be4 61. Nd4 Rf8 62. Rg5 Rf7 63. e6 Rf6 64. f5 Bxf5 65. Nxf5+ Rxf5 66. Rxg6 Re5+ 67. Kf4 Rxe6 68. Rg7+ Kd8 69. Rxb7 Kc8 70. Rc7+ Kb8 71. Kf5 Re4 72. Rxc6 Rxh4 73. Rh6 Re4 74. c6 Re8 75. Rxh5 d4 76. Rh7 Rc8 77. Rb7+ Ka8 78. Ra7+ Kb8 79. c7+ 1-0

[Event "Kemerovo-ch"]
[Site "Kemerovo"]
[Date "2010.03.16"]
[Round "3"]
[White "Baboyan, Eduard"]
[Black "Cheremnova, Tamara"]
[Result "1-0"]
[WhiteElo "2147"]
[BlackElo "2245"]
[PlyCount "111"]
[EventDate "2010.03.15"]
[EventType "swiss"]
[EventRounds "9"]
[EventCountry "RUS"]
[SourceTitle "CBM 135 Extra"]
[Source "ChessBase"]
[SourceDate "2010.05.04"]
[SourceVersion "1"]
[SourceVersionDate "2010.05.04"]
[SourceQuality "1"]

1. d4 d5 2. c4 e6 3. Nc3 c6 4. Nf3 dxc4 5. a4 Bb4 6. e3 b5 7. Bd2 a5 8. axb5 Bxc3 9. Bxc3 cxb5 10. b3 Bb7 11. d5 Nf6 12. bxc4 b4 13. Qa4+ Qd7 14. Bxf6 Qxa4 15. Rxa4 gxf6 16. dxe6 fxe6 17. Nd4 Ke7 18. Nb3 Nc6 19. Be2 Ne5 20. 0-0 Be4 21. Rxa5 Rxa5 22. Nxa5 Ra8 23. Ra1 Rg8 24. g3 Rb8 25. f4 Nf3+ 26. Bxf3 Bxf3 27. Nb3 Be4 28. Kf2 e5 29. Ra7+ Kd6 30. Ra6+ Ke7 31. Ra2 Rc8 32. Nd2 Bd3 33. Rb2 Bxc4 34. Rxb4 Bd3 35. Rb2 Bc4 36. Rb4 Bd3 37. e4 h5 38. Ke3 Ba6 39. Rb3 Rc1 40. Nf3 exf4+ 41. gxf4 Ra1 42. Rc3 Ra2 43. Nd2 Kd6 44. Rb3 Ke7 45. h4 Ra1 46. Nf3 Bc8 47. f5 Ba6 48. Rc3 Ra2 49. Rc7+ Kd6 50. Rf7 Ra3+ 51. Kf4 Be2 52. Rxf6+ Ke7 53. Re6+ Kf8 54. Ng5 Bg4 55. Rb6 Ra5 56. f6 1-0

[Event "Wch U16"]
[Site "Kemer"]
[Date "2009.11.21"]
[Round "10"]
[White "Enslin, Stefan"]
[Black "Baboyan, Eduard"]
[Result "1-0"]
[WhiteElo "1832"]
[BlackElo "2152"]
[PlyCount "202"]
[EventDate "2009.11.12"]
[EventType "swiss"]
[EventRounds "11"]
[EventCountry "TUR"]
[SourceTitle "EXT 2010"]
[Source "ChessBase"]
[SourceDate "2010.11.25"]
[SourceVersion "1"]
[SourceVersionDate "2010.11.25"]
[SourceQuality "1"]

1. d4 d5 2. Nf3 c6 3. Nbd2 Bf5 4. e3 Nf6 5. Bd3 Bg4 6. 0-0 Nbd7 7. Be2 Qc7 8. b3 e5 9. dxe5 Nxe5 10. Bb2 Bd6 11. h3 Bf5 12. Nd4 Bd7 13. c4 dxc4 14. Nxc4 Nxc4 15. Bxc4 0-0 16. Rc1 Rad8 17. Bd3 Qb8 18. Qc2 h6 19. Rfd1 Nd5 20. Nf5 Bxf5 21. Bxf5 Be5 22. a3 Nf6 23. Bd3 Bxb2 24. Qxb2 Rd7 25. Rd2 Rfd8 26. Rcd1 Qc7 27. Qc2 Qe5 28. Bh7+ Kf8 29. Rxd7 Rxd7 30. Rxd7 Nxd7 31. Bf5 Nb6 32. Bg4 Qa1+ 33. Qd1 Qxd1+ 34. Bxd1 Ke7 35. Kf1 Nd5 36. Bc2 Kd6 37. Ke2 Kc5 38. Kd3 a5 39. g3 b5 40. e4 Nc7 41. f4 Ne6 42. Bd1 Kd6 43. e5+ Kc5 44. Bf3 Nc7 45. Bg2 Nd5 46. h4 h5 47. Bh3 Ne7 48. Bd7 Ng8 49. g4 hxg4 50. Bxg4 Ne7 51. h5 Kd5 52. Bf3+ Kc5 53. Bg4 Nd5 54. f5 f6 55. e6 Kd6 56. Bf3 Ne7 57. Ke4 Nd5 58. Kd3 Nc7 59. Kd4 Na6 60. Bd1 Nc7 61. Bf3 Ne8 62. Be2 c5+ 63. Ke4 Nc7 64. Bd3 Nd5 65. Bc2 Kc6 66. Kf3 Ne7 67. Ke4 Nc8 68. Kf4 Kd5 69. Ke3 c4 70. Be4+ Kc5 71. bxc4 Kxc4 72. Bd3+ Kc5 73. Bc2 Ne7 74. Ke4 Nc8 75. Ke3 Ne7 76. Ke4 a4 77. Bd3 b4 78. axb4+ Kxb4 79. Bb1 Kb3 80. Kd4 a3 81. Bd3 Nxf5+ 82. Kc5 Ne7 83. Bc4+ Kc3 84. Ba2 Kb2 85. Bd5 f5 86. Kd4 Ng8 87. e7 Nf6 88. Ke5 f4 89. h6 Nxd5 90. e8Q gxh6 91. Qb5+ Kc2 92. Qxd5 f3 93. Qa2+ Kd1 94. Qxa3 f2 95. Qf3+ Ke1 96. Qe3+ Kf1 97. Kf4 Kg1 98. Qg3+ Kh1 99. Qxf2 h5 100. Qh4+ Kg1 101. Qxh5 Kf2 1-0

[Event "Kemerovo op"]
[Site "Kemerovo"]
[Date "2009.10.23"]
[Round "9"]
[White "Grishenko, Vladimir"]
[Black "Baboyan, Eduard"]
[Result "1/2-1/2"]
[WhiteElo "2233"]
[BlackElo "2190"]
[PlyCount "25"]
[EventDate "2009.10.16"]
[EventType "swiss"]
[EventRounds "9"]
[EventCountry "RUS"]
[SourceTitle "EXT 2010"]
[Source "ChessBase"]
[SourceDate "2010.11.25"]
[SourceVersion "1"]
[SourceVersionDate "2010.11.25"]
[SourceQuality "1"]

1. Nf3 d5 2. d4 Nf6 3. c4 c6 4. e3 e6 5. Nbd2 Nbd7 6. b3 Bd6 7. Bb2 Qe7 8. Be2 e5 9. cxd5 Nxd5 10. dxe5 Nxe5 11. 0-0 0-0 12. Nc4 Nxc4 13. Bxc4 1/2-1/2

[Event "Kemerovo op"]
[Site "Kemerovo"]
[Date "2009.10.19"]
[Round "5"]
[White "Maleev, Pavel"]
[Black "Baboyan, Eduard"]
[Result "0-1"]
[WhiteElo "2125"]
[BlackElo "2190"]
[PlyCount "114"]
[EventDate "2009.10.16"]
[EventType "swiss"]
[EventRounds "9"]
[EventCountry "RUS"]
[SourceTitle "EXT 2010"]
[Source "ChessBase"]
[SourceDate "2010.11.25"]
[SourceVersion "1"]
[SourceVersionDate "2010.11.25"]
[SourceQuality "1"]

1. e4 c5 2. c3 Nf6 3. e5 Nd5 4. d4 cxd4 5. Qxd4 e6 6. Nf3 Nc6 7. Qe4 d6 8. Nbd2 dxe5 9. Nxe5 Bd7 10. Ndf3 Nxe5 11. Nxe5 Bc5 12. Nxd7 Qxd7 13. Bd3 0-0-0 14. Be2 Qc7 15. 0-0 Rhe8 16. Bb5 Rh8 17. a3 Bd6 18. h3 h6 19. Qc4 Bh2+ 20. Kh1 Be5 21. g3 g5 22. Qxc7+ Kxc7 23. Re1 Bf6 24. Bf1 Rhe8 25. Rb1 Bg7 26. c4 Ne7 27. Be3 Bd4 28. Bxd4 Rxd4 29. Rbd1 Red8 30. Be2 Rd2 31. Rxd2 Rxd2 32. b4 Nc6 33. Kg2 f6 34. Bf1 Nd4 35. Re3 e5 36. c5 Nc2 37. Rc3 Ne1+ 38. Kg1 e4 39. Re3 Nf3+ 40. Kg2 Rd4 41. Be2 Ne5 42. Bg4 Nc4 43. Rc3 Nd2 44. Bf5 Kc6 45. Re3 b6 46. cxb6 axb6 47. Rc3+ Kd6 48. Rc8 Ke5 49. Bg6 Rd6 50. b5 f5 51. Bh7 f4 52. Re8+ Kd4 53. gxf4 gxf4 54. Rf8 Rd7 55. Bg6 Rd6 56. Bf7 f3+ 57. Kg3 Kd3 0-1

[Event "RUS-ch U16"]
[Site "Dagomys"]
[Date "2009.04.20"]
[Round "6"]
[White "Tkachev, Grigory"]
[Black "Baboyan, Eduard"]
[Result "1-0"]
[WhiteElo "2124"]
[BlackElo "2190"]
[PlyCount "109"]
[EventDate "2009.04.15"]
[EventType "swiss"]
[EventRounds "9"]
[EventCountry "RUS"]
[SourceTitle "CBM 130 Extra"]
[Source "ChessBase"]
[SourceDate "2009.07.02"]
[SourceVersion "2"]
[SourceVersionDate "2009.07.15"]
[SourceQuality "1"]

1. d4 d5 2. c4 e6 3. Nf3 Nf6 4. g3 c6 5. Bg2 Nbd7 6. b3 Be7 7. 0-0 0-0 8. Bb2 b6 9. Qc2 Bb7 10. Nbd2 c5 11. Rfd1 Rc8 12. Rac1 dxc4 13. Qxc4 cxd4 14. Qxd4 Bc5 15. Qh4 Qe7 16. Nc4 Rfd8 17. Ng5 Bxg2 18. Kxg2 h6 19. Ne4 Nxe4 20. Qxe4 Nf6 21. Qf3 Nd5 22. Qg4 f6 23. a4 Nb4 24. h4 Nc6 25. Qe4 e5 26. e3 Qe6 27. g4 Ne7 28. f3 Nd5 29. Rd3 Rd7 30. Rcd1 Rcd8 31. Kg3 a6 32. Qf5 Qxf5 33. gxf5 b5 34. axb5 axb5 35. Na5 Nb6 36. Rxd7 Rxd7 37. Rxd7 Nxd7 38. e4 h5 39. Nc6 Kf7 40. Nd8+ Kg8 41. Ne6 Be3 42. Ba3 Bd2 43. Bd6 Be1+ 44. Kh3 Nb6 45. Nc7 Nc8 46. Bc5 b4 47. Nd5 Kf7 48. Bxb4 Bxb4 49. Nxb4 Nd6 50. Nd5 Nb5 51. Kg3 g6 52. fxg6+ Kxg6 53. f4 Nd6 54. f5+ Kf7 55. Kf3 1-0